000
00283cam a22000977a 4500
008
180718b1957 xxu||||| |||| 00| 0 eng d
082
_a
K5:T2x54 In2e
245
_a
Syllabus for training course for extension officier
260
_a
Delhi
_b
Government of India Press
_c
1957
300
_a
16p.
999
_c
499949
_d
499949